000 00340nam a2200145Ia 4500
003 OSt
005 20240304100742.0
008 170524s9999 xx 000 0 und d
020 _a 978-9351425526
040 _cIIMT UNIVERSITY
100 _aNair Sujar
245 0 _aConsumer Behaviour Text & Cases
260 _aHimalaya
942 _2ddc
_c01
999 _c3118
_d3118